000 00293nam a2200133Ia 4500
008 191201s2010 xx 000 0 und d
100 _aSedra, Adel S
245 0 _aMicroelectronics
250 _a5th
260 _c2010
_bOxford
_aN. delhi
300 _aMISC
650 _aECE
942 _2ddc
_cBB
999 _c7377
_d7377